[Event "Frankfurt Ch 2005"]
[Site "Ffm-Kalbach, LAZ"]
[Date "2005.05.23"]
[Round "4"]
[White "Petersen, Gerd"]
[Black "Storck, Eike-Werner"]
[Result "0-1"]
[WhiteElo "1537"]
[BlackElo "1894"]
[PlyCount "109"]
[EventDate "2005.??.??"]

1. Nf3 Nf6 2. d4 d6 3. g3 g6 4. Bg2 Bg7 5. O-O O-O 6. Bf4 Nbd7 7. Nbd2 Nd5 8.
Be3 Nxe3 9. fxe3 Bh6 10. e4 e5 11. Nc4 b5 12. Na3 b4 13. Nc4 Ba6 14. Na5 exd4
15. Nc6 Qe8 16. Nxb4 Bb7 17. Nd5 Rc8 18. Qxd4 Bxd5 19. Qxd5 Nf6 20. Qd3 Nxe4
21. Bh3 Rb8 22. b3 Nc5 23. Qd1 Qe3+ 24. Kg2 Rfe8 25. Nd4 Bg7 26. Rf4 Bxd4 27.
Rxd4 Qxe2+ 28. Kg1 Qe3+ 29. Kh1 Ne4 30. Rxe4 Qxe4+ 31. Bg2 Qe2 32. Bf1 Qf2 33.
Qd3 Rb4 34. c4 Re1 35. Rxe1 Qxe1 36. Kg1 a5 37. Qf3 Rb8 38. Qc6 Qe3+ 39. Kg2
Qd2+ 40. Kh3 Qf2 41. Bg2 h5 42. Bd5 Qb6 43. Qd7 Rf8 44. Qe7 Kg7 45. Qe2 Qd4 46.
Qe7 Qg4+ 47. Kg2 h4 48. Bf3 h3+ 49. Kf2 Qd4+ 50. Kf1 Qa1+ 51. Kf2 Qxa2+ 52. Be2
Qxb3 53. Qxc7 Re8 54. Qa7 Qc2 55. Qd4+ 0-1

[Event "Frankfurt Ch 2005"]
[Site "Ffm-Kalbach, LAZ"]
[Date "2005.05.23"]
[Round "4"]
[White "Filmann, Andreas"]
[Black "Orwatsch, Gerhard"]
[Result "1/2-1/2"]
[WhiteElo "1685"]
[BlackElo "1930"]
[PlyCount "57"]
[EventDate "2005.??.??"]

1. e4 g6 2. Bc4 c6 3. Nc3 d5 4. exd5 b5 5. Bb3 b4 6. dxc6 bxc3 7. Qf3 Nf6 8. c7
Qxc7 9. Qxa8 Qe5+ 10. Ne2 cxb2 11. Bxb2 Qxb2 12. Qxb8 Qxa1+ 13. Nc1 Kd8 14. O-O
Qd4 15. Bxf7 Nd7 16. Qb5 Qb6 17. Qd3 Bg7 18. Nb3 Rf8 19. Bc4 Be5 20. Qd5 Bb7
21. Qd3 Qc7 22. h3 Qd6 23. Qe2 Nb6 24. Bb5 Nd5 25. d4 Bh2+ 26. Kh1 Nf4 27. Qe5
Nxg2 28. Kxh2 Nh4 29. Qxd6+ 1/2-1/2

[Event "Frankfurt Ch 2005"]
[Site "Ffm-Kalbach, LAZ"]
[Date "2005.05.23"]
[Round "4"]
[White "Bitzer, Andre"]
[Black "Schreyer, Alois"]
[Result "0-1"]
[WhiteElo "1624"]
[BlackElo "1883"]
[PlyCount "64"]
[EventDate "2005.??.??"]

1. b3 e6 2. Bb2 Nf6 3. e3 d5 4. f4 Nc6 5. Bb5 Bd6 6. Nf3 O-O 7. O-O Qe7 8. Bxc6
bxc6 9. Ne5 Bb7 10. d3 c5 11. Nd2 Nd7 12. Qe1 f6 13. Nxd7 Qxd7 14. Nf3 a5 15.
a4 Rfe8 16. Bc3 Qc6 17. Bxa5 e5 18. fxe5 Bxe5 19. Nxe5 Rxe5 20. Bd2 c4 21. Rc1
c3 22. Rd1 cxd2 23. Rxd2 Rae8 24. Rf3 Qe6 25. Re2 d4 26. Rh3 Rxe3 27. Rexe3
dxe3 28. Qe2 f5 29. Kf1 f4 30. Rh5 Qg6 31. d4 Qxg2+ 32. Qxg2 Bxg2+ 0-1

[Event "Frankfurt Ch 2005"]
[Site "Ffm-Kalbach, LAZ"]
[Date "2005.05.23"]
[Round "4"]
[White "Hilbenz, Guntram"]
[Black "Höhler, Bernd"]
[Result "1/2-1/2"]
[WhiteElo "1877"]
[BlackElo "1654"]
[PlyCount "120"]
[EventDate "2005.??.??"]

1. c4 Nf6 2. g3 c6 3. Bg2 d5 4. b3 e6 5. Nf3 Be7 6. O-O O-O 7. d4 Nbd7 8. Qc2
b6 9. Rd1 Bb7 10. Nbd2 Rc8 11. e4 dxe4 12. Nxe4 Nxe4 13. Qxe4 Nf6 14. Qc2 Qc7
15. Bf4 Bd6 16. Bxd6 Qxd6 17. c5 Qc7 18. b4 b5 19. Rd2 Nd5 20. Ng5 Nf6 21. h4
h6 22. Nh3 Nd5 23. Bxd5 exd5 24. Re1 Qd7 25. Kg2 Rce8 26. Rde2 Bc8 27. Ng1 Rxe2
28. Qxe2 Rd8 29. Qe7 a6 30. Qxd7 Bxd7 31. Nf3 Re8 32. Rxe8+ Bxe8 33. Ne5 Kf8
34. Kf3 Ke7 35. Kf4 Ke6 36. Nd3 Bd7 37. g4 g6 38. Nb2 Be8 39. a4 Bd7 40. axb5
axb5 41. Nd3 Bc8 42. Nc1 Bd7 43. Nb3 f6 44. Na5 Ke7 45. Nb7 Bc8 46. Nd6 Bd7 47.
Kg3 Kf8 48. f4 Ke7 49. g5 fxg5 50. fxg5 h5 51. Kf4 Ke6 52. Nb7 Be8 53. Na5 Bd7
54. Nb3 Ke7 55. Ke5 Bf5 56. Nc1 Be4 57. Ne2 Bd3 58. Nf4 Bc2 59. Ne6 Bf5 60. Nf4
Bc2 1/2-1/2

[Event "Frankfurt Ch 2005"]
[Site "Ffm-Kalbach, LAZ"]
[Date "2005.05.23"]
[Round "4"]
[White "Fischer, Arthur"]
[Black "Rondio, Thomas"]
[Result "1-0"]
[WhiteElo "1875"]
[BlackElo "1680"]
[PlyCount "53"]
[EventDate "2005.??.??"]

1. e4 e5 2. Nf3 Nc6 3. Bb5 a6 4. Ba4 Nf6 5. Qe2 b5 6. Bb3 Be7 7. d4 d6 8. dxe5
dxe5 9. a4 b4 10. Bxf7+ Kxf7 11. Qc4+ Kf8 12. Qxc6 Bd7 13. Qc4 Bd6 14. Bg5 Qe8
15. b3 Qg6 16. Nbd2 h6 17. Bxf6 gxf6 18. O-O-O Qxg2 19. Rhg1 Qh3 20. Rg6 Be6
21. Qc6 Ke7 22. Rg7+ Bf7 23. Rdg1 Qc8 24. Nh4 Kf8 25. Ng6+ Bxg6 26. R1xg6 Qe8
27. Qd5 1-0

[Event "Frankfurt Ch 2005"]
[Site "Ffm-Kalbach, LAZ"]
[Date "2005.05.23"]
[Round "4"]
[White "Gehlhar, Michael"]
[Black "Hierling, Stefan"]
[Result "0-1"]
[WhiteElo "1647"]
[BlackElo "1869"]
[PlyCount "63"]
[EventDate "2005.??.??"]

1. Nf3 Nf6 2. g3 b6 3. Bg2 Bb7 4. O-O e6 5. c4 Be7 6. b3 O-O 7. Bb2 d6 8. d3
Nbd7 9. Nbd2 a5 10. a3 c5 11. a4 Ne8 12. e3 Nc7 13. Rc1 Bf6 14. Bxf6 Qxf6 15.
Ne4 Qe7 16. Qc2 Rad8 17. Rcd1 Na6 18. Qe2 Nb4 19. Nc3 Ne5 20. Ne1 Bxg2 21. Kxg2
Qf6 22. Ne4 Qf5 23. f4 Nexd3 24. Nf6+ Qxf6 25. Nxd3 Nc6 26. Qf3 d5 27. Rf2 Qc3
28. f5 Ne7 29. cxd5 Nxd5 30. e4 Nb4 31. fxe6 fxe6 32. Ne5 0-1

[Event "Frankfurt Ch 2005"]
[Site "Ffm-Kalbach, LAZ"]
[Date "2005.05.23"]
[Round "4"]
[White "Brücken, Siegfried"]
[Black "Achelrod, Alexandre"]
[Result "0-1"]
[WhiteElo "1576"]
[BlackElo "1847"]
[PlyCount "78"]
[EventDate "2005.??.??"]

1. e4 c5 2. Nc3 d6 3. Nf3 Nf6 4. h3 a6 5. a4 e6 6. Bc4 Nc6 7. d3 Be7 8. O-O O-O
9. Re1 Re8 10. Ba2 Nb4 11. Bb3 Qc7 12. Bf4 Nd7 13. Nh2 Nc6 14. Re3 Nce5 15. Ng4
Ng6 16. Bg3 h5 17. Nh6+ gxh6 18. Qxh5 Kg7 19. f4 Nf6 20. Qf3 Qc6 21. Rae1 Bd7
22. Qf2 b5 23. f5 Ne5 24. Bh4 Nh7 25. Bxe7 Rxe7 26. Rg3+ Kh8 27. f6 Ree8 28.
Ree3 Rg8 29. Qf4 Ng5 30. h4 Ng6 31. Qg4 Nh7 32. Qf3 c4 33. Ba2 Qc5 34. Kh1 Qe5
35. h5 Nh4 36. Qf2 Qxf6 37. Ref3 Nxf3 38. Rxf3 Qg5 39. Rxf7 Raf8 0-1

[Event "Frankfurt Ch 2005"]
[Site "Ffm-Kalbach, LAZ"]
[Date "2005.05.23"]
[Round "4"]
[White "Makilla, Tobias"]
[Black "Arvin, Manutcher"]
[Result "0-1"]
[WhiteElo "1466"]
[BlackElo "1753"]
[PlyCount "102"]
[EventDate "2005.??.??"]

1. e4 e6 2. d4 d5 3. Nd2 dxe4 4. Nxe4 Nd7 5. Nf3 Ngf6 6. Nxf6+ Nxf6 7. Bd3 Bd7
8. Ne5 Be7 9. O-O c5 10. dxc5 Bxc5 11. Qf3 Bc8 12. Bb5+ Kf8 13. Bg5 Be7 14.
Rad1 Qb6 15. Qb3 Qc5 16. Bxf6 Bxf6 17. Nd7+ Bxd7 18. Rxd7 a6 19. Be2 b5 20.
Rfd1 Ke8 21. Qd3 Rc8 22. c3 Rb8 23. Qd6 Qxd6 24. R7xd6 b4 25. Rc1 bxc3 26. bxc3
Rb2 27. Bc4 a5 28. Ra6 Bd8 29. Ra7 Rb8 30. Rd1 Rg8 31. Rdd7 Rb1+ 32. Bf1 Rf8
33. Rd4 Rb8 34. a4 Rb1 35. g3 Bb6 36. Ra8+ Ke7 37. Rxf8 Bxd4 38. Rc8 Kd7 39.
Rc4 Bb6 40. Rf4 f6 41. Kg2 f5 42. Bb5+ Ke7 43. h4 Rb2 44. Kf1 h6 45. Rf3 g5 46.
hxg5 hxg5 47. c4 Kf6 48. Rc3 Rxf2+ 49. Ke1 Bc5 50. Ba6 Ra2 51. Bb5 Bb4 0-1

[Event "Frankfurt Ch 2005"]
[Site "Ffm-Kalbach, LAZ"]
[Date "2005.05.23"]
[Round "4"]
[White "Radtke, Thoralf"]
[Black "Blum, Ralph"]
[Result "0-1"]
[WhiteElo "1584"]
[BlackElo "2013"]
[PlyCount "82"]
[EventDate "2005.??.??"]

1. f4 g6 2. Nf3 Bg7 3. e3 d6 4. d4 Nf6 5. Bd3 O-O 6. O-O Nc6 7. a3 e5 8. fxe5
dxe5 9. Bb5 Bg4 10. Bxc6 bxc6 11. dxe5 Qxd1 12. Rxd1 Ne4 13. h3 Rad8 14. Re1
Bxf3 15. gxf3 Ng3 16. Kf2 Nf5 17. Nd2 Bxe5 18. f4 Bf6 19. Nf3 Rb8 20. Rb1 Rfd8
21. Re2 Nd6 22. Nd2 Bh4+ 23. Kf3 f5 24. b3 Bf6 25. Bb2 Bxb2 26. Rxb2 Nb5 27.
Nc4 Nc3 28. Re1 Ne4 29. b4 Rd5 30. Rb3 Rbd8 31. Re2 Rd1 32. Kg2 Kg7 33. Kh2 Kf6
34. h4 h6 35. Rg2 g5 36. fxg5+ hxg5 37. hxg5+ Nxg5 38. Kg3 Ne4+ 39. Kf3 Rf1+
40. Ke2 Rdd1 41. Rh2 Ng3# 0-1

[Event "Frankfurt Ch 2005"]
[Site "Ffm-Kalbach, LAZ"]
[Date "2005.05.23"]
[Round "4"]
[White "Bender, Manfred"]
[Black "Calvi, Stefan"]
[Result "1-0"]
[WhiteElo "1676"]
[BlackElo "1979"]
[PlyCount "103"]
[EventDate "2005.??.??"]

1. d4 Nf6 2. c4 c5 3. d5 b5 4. b3 g6 5. Bb2 bxc4 6. bxc4 Qb6 7. Qb3 Ba6 8. Nd2
Bg7 9. Rb1 Qxb3 10. axb3 d6 11. e4 O-O 12. Be2 Bb7 13. Ngf3 Nfd7 14. Bxg7 Kxg7
15. b4 Na6 16. bxc5 Naxc5 17. O-O e5 18. Rfc1 h6 19. Ne1 f5 20. f3 Rf7 21. Rc2
Nf6 22. Nd3 Nxd3 23. Bxd3 fxe4 24. Bxe4 Rc7 25. Rcb2 Bc8 26. Bd3 Bf5 27. Bxf5
gxf5 28. Kf2 Nd7 29. Ke3 Kf6 30. g3 Nc5 31. Ra2 a5 32. g4 f4+ 33. Ke2 a4 34.
Rb6 Ke7 35. h4 Raa7 36. Rb8 Kf7 37. Rh8 Kg7 38. Rd8 Nb3 39. Nxb3 axb3 40. Rxa7
Rxa7 41. Rb8 Ra2+ 42. Kd3 Rf2 43. Ke4 b2 44. Kf5 Rxf3 45. Rb7+ Kf8 46. Kf6 Ke8
47. Ke6 Kd8 48. Kxd6 Kc8 49. Rxb2 e4 50. c5 e3 51. c6 Rf2 52. Rb4 1-0

[Event "Frankfurt Ch 2005"]
[Site "Ffm-Kalbach, LAZ"]
[Date "2005.05.23"]
[Round "4"]
[White "Richter, Thomas"]
[Black "Bauer, Timo"]
[Result "1-0"]
[WhiteElo "1953"]
[BlackElo "1638"]
[PlyCount "130"]
[EventDate "2005.??.??"]

1. d4 f5 2. g3 Nf6 3. Bg2 e6 4. Nf3 Be7 5. O-O O-O 6. b3 a5 7. c4 a4 8. Ba3 d6
9. Nc3 axb3 10. axb3 Na6 11. b4 c6 12. b5 Nc7 13. bxc6 bxc6 14. Qc2 Bb7 15.
Rfb1 Ra7 16. Nd2 Qd7 17. Na4 Na8 18. Bc1 Qc7 19. e4 f4 20. Bh3 Bc8 21. Nf3 fxg3
22. hxg3 e5 23. Bxc8 Qxc8 24. Kg2 Qg4 25. Nc3 Rxa1 26. Rxa1 Nh5 27. Nh2 Qe6 28.
d5 Qf7 29. Qe2 Nb6 30. Be3 c5 31. Ra7 Qe8 32. Nf1 Nf6 33. Qa2 Ng4 34. Nb5 Nxe3+
35. Nxe3 Nc8 36. Ra8 Qf7 37. Nf5 Nb6 38. Ra7 Nc8 39. Rc7 Qf6 40. Qa6 g6 41.
Rxc8 gxf5 42. Rxf8+ Bxf8 43. Qc8 fxe4 44. Qg4+ Qg6 45. Qxg6+ hxg6 46. Nc3 e3
47. fxe3 Kf7 48. Ne4 Be7 49. Kf3 Kg7 50. Kg4 Kh6 51. Nc3 Bg5 52. Nb5 Be7 53.
Na7 Kg7 54. Nc8 Bf8 55. Kf3 Kf7 56. Kg4 Kf6 57. Nb6 Be7 58. Nc8 Bf8 59. e4 Kg7
60. Kg5 Kf7 61. Na7 Kg7 62. Nc6 Kf7 63. Nd8+ Kg7 64. Ne6+ Kf7 65. Nxf8 Kxf8 1-0

[Event "Frankfurt Ch 2005"]
[Site "Ffm-Kalbach, LAZ"]
[Date "2005.05.23"]
[Round "4"]
[White "Rätsch, Kurt"]
[Black "Vogelgesang, Marc"]
[Result "1-0"]
[WhiteElo "1852"]
[BlackElo "1626"]
[PlyCount "41"]
[EventDate "2005.??.??"]

1. e4 d5 2. exd5 Nf6 3. d4 Nxd5 4. Nf3 e6 5. Bd3 Be7 6. O-O O-O 7. Re1 b6 8. c4
Nf6 9. Nc3 Bb7 10. Bf4 Bd6 11. Bg5 Nbd7 12. Rc1 Be7 13. Bb1 c5 14. d5 Nxd5 15.
Qc2 g6 16. Bh6 Nb4 17. Qe2 Re8 18. Rcd1 Bxf3 19. Qxf3 Bf8 20. Bxf8 Rxf8 21. Qb7
1-0

[Event "Frankfurt Ch 2005"]
[Site "Ffm-Kalbach, LAZ"]
[Date "2005.05.23"]
[Round "4"]
[White "Adair, Robin"]
[Black "Müller, Pascal"]
[Result "1-0"]
[WhiteElo "1790"]
[BlackElo "1617"]
[PlyCount "89"]
[EventDate "2005.??.??"]

1. e4 e5 2. Nf3 Nf6 3. Nc3 c6 4. Bc4 Bb4 5. O-O Bxc3 6. bxc3 Nxe4 7. Nxe5 d5 8.
Bd3 O-O 9. Bxe4 dxe4 10. d4 Nd7 11. Bf4 Nxe5 12. Bxe5 Qg5 13. Qc1 Qxc1 14.
Raxc1 Be6 15. a4 f6 16. Bg3 Rac8 17. Rb1 Rf7 18. Bd6 Rd7 19. Ba3 b6 20. Rfe1
Bf5 21. Re3 Kf7 22. Rd1 Rcd8 23. Bb2 b5 24. axb5 cxb5 25. Ra1 Bg6 26. g4 Re8
27. h3 Ke6 28. Ra5 Rb7 29. Ba3 Kd5 30. Bc5 Ra8 31. Ra6 Rd7 32. Re1 Kc4 33. Bb4
Rb8 34. Rea1 Rbb7 35. Rc6+ Kd5 36. Raa6 e3 37. Rc5+ Ke4 38. Re6+ Kf4 39. Rxe3
Bxc2 40. Ba3 Re7 41. Bc1 Rxe3 42. Bxe3+ Ke4 43. Kf1 a5 44. Ke2 a4 45. f3# 1-0

[Event "Frankfurt Ch 2005"]
[Site "Ffm-Kalbach, LAZ"]
[Date "2005.05.23"]
[Round "4"]
[White "Junker, Christian"]
[Black "Pliss, Viktor"]
[Result "0-1"]
[WhiteElo "1555"]
[BlackElo "1777"]
[PlyCount "92"]
[EventDate "2005.??.??"]

1. e4 d6 2. d4 e5 3. dxe5 dxe5 4. Qxd8+ Kxd8 5. Nf3 f6 6. Bc4 c6 7. Be3 Kc7 8.
Nbd2 Nd7 9. Nb3 Nb6 10. Bf7 Na4 11. O-O-O Bg4 12. Rd2 Rd8 13. Rhd1 Rxd2 14.
Rxd2 Nb6 15. Nc5 Bxc5 16. Bxc5 Nh6 17. Bb3 Rd8 18. Rxd8 Kxd8 19. Bf8 Bc8 20.
Bxg7 Ng4 21. Bg8 Ke7 22. Bxh7 Kf7 23. Bh8 Be6 24. Nh4 Nd7 25. Nf5 Nf8 26. f3
Nxh7 27. fxg4 Bxf5 28. gxf5 Kg8 29. Bxf6 Nxf6 30. Kd2 Nxe4+ 31. Ke3 Nd6 32. g4
Kg7 33. h4 Kf6 34. Kd3 c5 35. b3 b6 36. a4 e4+ 37. Ke3 Ke5 38. c4 Nf7 39. f6
Nh6 40. g5 Nf5+ 41. Kf2 Nxh4 42. Kg3 Ng6 43. Kf2 Kf4 44. f7 e3+ 45. Ke2 Ke4 46.
Ke1 Kd3 0-1

[Event "Frankfurt Ch 2005"]
[Site "Ffm-Kalbach, LAZ"]
[Date "2005.05.23"]
[Round "4"]
[White "Kolko, Robert"]
[Black "Gottlieb, Herbert"]
[Result "1/2-1/2"]
[WhiteElo "1767"]
[BlackElo "1579"]
[PlyCount "98"]
[EventDate "2005.??.??"]

1. e4 e6 2. d4 b6 3. c4 Bb7 4. Nc3 Bb4 5. Bd3 f5 6. Qc2 Nf6 7. Bg5 fxe4 8. Be2
O-O 9. a3 Bxc3+ 10. Qxc3 h6 11. Bh4 d5 12. Nh3 Nbd7 13. f3 g5 14. Bg3 Rc8 15.
c5 c6 16. Nf2 exf3 17. gxf3 Rf7 18. h4 Nh5 19. Bd6 gxh4 20. Rg1+ Rg7 21. O-O-O
Ng3 22. Bd3 Qf6 23. Ng4 Rxg4 24. fxg4 bxc5 25. Qb3 Ba8 26. dxc5 e5 27. Kb1 e4
28. Bxg3 hxg3 29. Bc2 Rb8 30. Qa2 Nxc5 31. Rxg3 Qf2 32. Rgg1 Qf6 33. Rdf1 Qg7
34. a4 a5 35. Rg2 e3 36. Qa3 Rb4 37. Rfg1 Bb7 38. g5 h5 39. Bd1 Ba6 40. Qxe3
Bd3+ 41. Ka2 Bc4+ 42. Ka1 Ne4 43. g6 Qb7 44. Qh6 Qg7 45. Qxh5 Nf6 46. Qh4 Bf1
47. Qe1 Bxg2 48. Qe6+ Kf8 49. Rxg2 Rh4 1/2-1/2

[Event "Frankfurt Ch 2005"]
[Site "Ffm-Kalbach, LAZ"]
[Date "2005.05.23"]
[Round "4"]
[White "Pomeranets, Igor"]
[Black "Rotermund, Verena"]
[Result "0-1"]
[WhiteElo "1459"]
[BlackElo "1762"]
[PlyCount "95"]
[EventDate "2005.??.??"]

1. c4 Nf6 2. Nc3 g6 3. g3 Bg7 4. Bg2 O-O 5. Nf3 d6 6. O-O e5 7. d3 Nc6 8. Rb1
Nh5 9. e3 f5 10. Nd5 Ne7 11. Nh4 c6 12. Nxe7+ Qxe7 13. b4 Be6 14. f4 e4 15. Bb2
Nf6 16. Bh3 d5 17. c5 exd3 18. Qxd3 Ne4 19. Bxg7 Qxg7 20. Nf3 g5 21. Ne5 Rad8
22. Rbd1 d4 23. a3 Nc3 24. Rde1 Nb5 25. e4 gxf4 26. exf5 Bd5 27. Rxf4 Qf6 28.
Ng4 Qg5 29. f6 Qh5 30. Nf2 Rde8 31. Rxe8 Rxe8 32. Rf5 Re1+ 33. Bf1 Qf7 34. Rg5+
Kf8 35. Rg7 Qxf6 36. Qxh7 Qxg7 37. Qf5+ Kg8 38. Ng4 Re6 39. Bxb5 cxb5 40. Qxd5
Qxg4 41. Qd8+ Kf7 42. Qd7+ Kf6 43. Qxb7 Re1+ 44. Kg2 Qe2+ 45. Kh3 Qh5+ 46. Kg2
Qe5 47. Qxb5 Qe2+ 48. Kh3 0-1

[Event "Frankfurt Ch 2005"]
[Site "Ffm-Kalbach, LAZ"]
[Date "2005.05.23"]
[Round "4"]
[White "Reuter, Klaus"]
[Black "Ickert, Bernd"]
[Result "1/2-1/2"]
[WhiteElo "1443"]
[BlackElo "1755"]
[PlyCount "69"]
[EventDate "2005.??.??"]

1. d4 Nf6 2. c4 g6 3. g3 Bg7 4. Bg2 O-O 5. Nf3 d6 6. Nc3 Nbd7 7. O-O e5 8. Bg5
h6 9. Be3 Re8 10. h3 c6 11. Qd2 Kh7 12. Rad1 Qa5 13. Ne1 Nb6 14. b3 exd4 15.
Bxd4 Be6 16. Bxf6 Bxf6 17. Ne4 Qe5 18. f4 Qb2 19. Qxb2 Bxb2 20. Rxd6 Bxh3 21.
Bxh3 Rxe4 22. Bg4 Rae8 23. Kg2 Rd4 24. Rxd4 Bxd4 25. Bf3 Nd7 26. e4 Nc5 27. Nc2
Bc3 28. e5 Rd8 29. Rd1 Rxd1 30. Bxd1 a5 31. Ne3 f6 32. exf6 Bxf6 33. Bc2 Bd4
34. Ng4 Kg7 35. Kf3 1/2-1/2

[Event "Frankfurt Ch 2005"]
[Site "Ffm-Kalbach, LAZ"]
[Date "2005.05.23"]
[Round "4"]
[White "Mook, Karl-Jürgen"]
[Black "Faqiry, Ramat"]
[Result "0-1"]
[WhiteElo "1302"]
[BlackElo "1717"]
[PlyCount "76"]
[EventDate "2005.??.??"]

1. Nf3 d5 2. c4 c6 3. b3 Nf6 4. Bb2 e6 5. Qc2 Be7 6. e3 O-O 7. cxd5 cxd5 8. Be2
Nc6 9. a3 Bd7 10. O-O Rc8 11. Qd1 Bd6 12. Nc3 e5 13. h3 Bb8 14. b4 d4 15. Na4
Qc7 16. e4 Nxe4 17. Bd3 Nf6 18. Re1 Rfe8 19. Nc5 Re7 20. Nxd7 Qxd7 21. Nh4 e4
22. Bb5 g5 23. Bxc6 Rxc6 24. Bxd4 gxh4 25. Bxf6 Rxf6 26. Qh5 Rg6 27. Qxh4 f5
28. f4 Qxd2 29. g3 Rxg3+ 30. Qxg3+ Rg7 31. Qxg7+ Kxg7 32. Rad1 Qxf4 33. Re2 Kf6
34. Rd7 Qg3+ 35. Kf1 f4 36. Rxh7 f3 37. Rd2 e3 38. Rh6+ Kg7 0-1

[Event "Frankfurt Ch 2005"]
[Site "Ffm-Kalbach, LAZ"]
[Date "2005.05.23"]
[Round "4"]
[White "Kasper, Werner"]
[Black "Scharmann, Hartmut"]
[Result "1/2-1/2"]
[WhiteElo "1716"]
[BlackElo "1562"]
[PlyCount "59"]
[EventDate "2005.??.??"]

1. e4 g6 2. d4 Bg7 3. c4 d6 4. Nc3 Nf6 5. f3 Nbd7 6. Be3 O-O 7. Bd3 c5 8. Nge2
cxd4 9. Bxd4 Bh6 10. Nd5 Nxd5 11. exd5 Ne5 12. Nc3 e6 13. O-O Bg7 14. Be2 exd5
15. Nxd5 Be6 16. Bc3 Rc8 17. Rc1 Nxc4 18. Bxg7 Bxd5 19. Qxd5 Ne3 20. Rxc8 Qxc8
21. Qd4 Nf5 22. Qxa7 Kxg7 23. Bd3 Kf6 24. Bxf5 Kxf5 25. Qd4 Qc5 26. Qxc5+ dxc5
27. Rd1 Ke6 28. Kf2 Rc8 29. Ke3 b5 30. a3 1/2-1/2

[Event "Frankfurt Ch 2005"]
[Site "Ffm-Kalbach, LAZ"]
[Date "2005.05.23"]
[Round "4"]
[White "Plötz, Hans-Jürgen"]
[Black "Trierweiler, Joachim"]
[Result "0-1"]
[WhiteElo "1266"]
[BlackElo "1707"]
[PlyCount "120"]
[EventDate "2005.??.??"]

1. d4 d5 2. c4 e6 3. Nc3 c5 4. cxd5 exd5 5. dxc5 d4 6. Nb5 Qa5+ 7. Bd2 Qxb5 8.
b4 Be6 9. Nf3 Qd7 10. Bf4 Be7 11. Bxb8 Rxb8 12. Nxd4 Nf6 13. e3 O-O 14. Bb5 Qd5
15. O-O a6 16. Ba4 Bd7 17. Bb3 Qg5 18. Nf3 Qh5 19. Qd4 Rfd8 20. Qf4 Bb5 21.
Rfe1 Rbc8 22. a4 Be8 23. Bd1 Qg4 24. Qxg4 Nxg4 25. Bc2 Bf6 26. Rab1 Bc3 27.
Red1 Rxd1+ 28. Bxd1 Ne5 29. Ng5 Nc6 30. Bg4 Rb8 31. b5 axb5 32. axb5 Nd8 33.
Ne4 Ba5 34. f4 Ne6 35. Kf2 Kf8 36. Be2 Ke7 37. Rc1 Bc7 38. g3 Ra8 39. b6 Bb8
40. h3 Bc6 41. Bd3 Ra2+ 42. Kg1 f5 43. Nd6 Bxd6 44. cxd6+ Kxd6 45. Bxf5 Rg2+
46. Kf1 g6 47. Bxe6 Rxg3 48. Ke2 Rg2+ 49. Kf1 Rh2 50. Rxc6+ Kxc6 51. Kg1 Re2
52. Bg8 h6 53. Bh7 g5 54. fxg5 hxg5 55. e4 Kxb6 56. Kf1 Rh2 57. Bf5 Kc5 58. Kg1
Rb2 59. Kf1 Kd4 60. Ke1 b5 0-1

[Event "Frankfurt Ch 2005"]
[Site "Ffm-Kalbach, LAZ"]
[Date "2005.05.23"]
[Round "4"]
[White "Enders, Georg"]
[Black "Kirschner, Matthias"]
[Result "1-0"]
[WhiteElo "1707"]
[BlackElo "1524"]
[PlyCount "71"]
[EventDate "2005.??.??"]

1. e4 c5 2. Nf3 Nf6 3. e5 Nd5 4. c4 Nc7 5. b3 Nc6 6. Bb2 Ne6 7. d3 g6 8. Nbd2
Bg7 9. Qc1 O-O 10. Ne4 b6 11. Be2 Qc7 12. O-O Nxe5 13. Re1 Bb7 14. Ned2 Nf4 15.
Nxe5 Nxg2 16. Nef3 Nxe1 17. Nxe1 Bh6 18. Qc3 f6 19. Bf3 Bxf3 20. Nexf3 Rf7 21.
Re1 Bg7 22. Qc2 e5 23. Nf1 Qc6 24. Qd1 Rd8 25. Ne3 b5 26. Nd5 bxc4 27. dxc4 Qc8
28. Nd2 d6 29. Ne4 Qe6 30. Ne3 Rfd7 31. Nd5 f5 32. Ng5 Qe8 33. Nf4 h6 34. Qd5+
Kh8 35. Re3 Qg8 36. Nxg6# 1-0

[Event "Frankfurt Ch 2005"]
[Site "Ffm-Kalbach, LAZ"]
[Date "2005.05.23"]
[Round "4"]
[White "Liebske, Erwin"]
[Black "Krpan, Alojz"]
[Result "1-0"]
[WhiteElo "1702"]
[BlackElo "1417"]
[PlyCount "79"]
[EventDate "2005.??.??"]

1. Nf3 Nc6 2. d4 d5 3. Bf4 Bf5 4. a3 e6 5. e3 a6 6. c4 Bd6 7. Bxd6 Qxd6 8. c5
Qd8 9. Be2 Nf6 10. Nc3 Ne4 11. Rc1 O-O 12. O-O Rb8 13. Na4 Ng5 14. Nh4 Nh3+ 15.
gxh3 Qxh4 16. Bg4 Bg6 17. Kg2 h5 18. Bf3 Bf5 19. Kh1 Be4 20. Kg2 Bf5 21. Kh1
Be4 22. Qe2 Qxh3 23. Bxe4 dxe4 24. f3 Qf5 25. Nc3 exf3 26. Rxf3 Qh7 27. Rg1 Ne7
28. Rh3 h4 29. Rg5 g6 30. Qf2 Nf5 31. e4 f6 32. Rg4 g5 33. exf5 Qxf5 34. Qg2
Kf7 35. Rf3 h3 36. Qxh3 Rh8 37. Qg2 Qg6 38. Rxg5 Rxh2+ 39. Kxh2 Rh8+ 40. Kg1
1-0

[Event "Frankfurt Ch 2005"]
[Site "Ffm-Kalbach, LAZ"]
[Date "2005.05.23"]
[Round "4"]
[White "Richter, Edgar"]
[Black "Mahnke, Ralf"]
[Result "1/2-1/2"]
[WhiteElo "1262"]
[BlackElo "1702"]
[PlyCount "51"]
[EventDate "2005.??.??"]

1. c4 Nf6 2. e3 e6 3. d4 d5 4. Nd2 Nbd7 5. Bd3 c6 6. a3 Bd6 7. Ne2 O-O 8. O-O
e5 9. e4 dxe4 10. Nxe4 Nxe4 11. Bxe4 Nf6 12. Bc2 h6 13. c5 Bc7 14. b4 Re8 15.
f3 Nd5 16. Qd3 Nf6 17. Bb2 g6 18. Rad1 Bf5 19. Qd2 Bxc2 20. Qxc2 Qe7 21. Rde1
Nd5 22. Ng3 Qg5 23. dxe5 Bxe5 24. Bxe5 Rxe5 25. Rxe5 Qxe5 26. Qc1 1/2-1/2

[Event "Frankfurt Ch 2005"]
[Site "Ffm-Kalbach, LAZ"]
[Date "2005.05.23"]
[Round "4"]
[White "Djakow, Alexander"]
[Black "Ortiz-Rodriguez, Jose"]
[Result "1-0"]
[WhiteElo "1699"]
[BlackElo "1260"]
[PlyCount "91"]
[EventDate "2005.??.??"]

1. d4 d6 2. c4 Nf6 3. Nc3 c6 4. Nf3 Nbd7 5. e3 Qa5 6. Bd2 e5 7. Bd3 Be7 8. O-O
O-O 9. b4 Qc7 10. Qc2 Re8 11. b5 Bf8 12. bxc6 bxc6 13. e4 Bb7 14. d5 Nc5 15.
Bg5 Nh5 16. Be2 Be7 17. Be3 Nf6 18. Bxc5 dxc5 19. Rfd1 Bd6 20. Rd2 Rad8 21.
Rad1 Re7 22. Bf1 Ba6 23. Qa4 Bb7 24. Rb1 Rb8 25. Rdb2 Qc8 26. dxc6 Bxc6 27. Nb5
Bxb5 28. Rxb5 Nxe4 29. Qc2 Nf6 30. g3 a6 31. Rxb8 Bxb8 32. Qa4 h6 33. Nh4 Ne4
34. Qc2 Nf6 35. Nf5 Re8 36. Bh3 Qc7 37. Qa4 a5 38. Rb5 g6 39. Nxh6+ Kg7 40. Ng4
Ne4 41. Rxa5 Re7 42. Ne3 Nc3 43. Qa3 Ne2+ 44. Kf1 Nc1 45. Nd5 Qd7 46. Bxd7 1-0

[Event "Frankfurt Ch 2005"]
[Site "Ffm-Kalbach, LAZ"]
[Date "2005.05.23"]
[Round "4"]
[White "Norgiev, Jürgen"]
[Black "Schönmann, Bernd"]
[Result "1-0"]
[WhiteElo "1686"]
[BlackElo "1230"]
[PlyCount "79"]
[EventDate "2005.??.??"]

1. d4 d5 2. Nf3 Nf6 3. Bf4 Bg4 4. Nbd2 e6 5. h3 Bf5 6. c3 Be7 7. Qb3 Qc8 8. e3
O-O 9. Be2 Nbd7 10. Rc1 Nb6 11. O-O a5 12. a3 a4 13. Qa2 Ne4 14. c4 Qd8 15. c5
Nd7 16. c6 bxc6 17. Rxc6 Ra7 18. Nxe4 Bxe4 19. Rfc1 e5 20. Nxe5 Bd6 21. Rxd6
cxd6 22. Nc6 Qa8 23. Nxa7 Qxa7 24. Bxd6 Re8 25. Rc7 Qa5 26. b4 axb3 27. Qxb3
Qe1+ 28. Bf1 Bf5 29. Qxd5 Be6 30. Qb5 Rb8 31. Rxd7 Qxf1+ 32. Qxf1 Rc8 33. Rc7
Rd8 34. Bc5 g6 35. Qa1 Rd5 36. Kh2 h5 37. e4 Rd8 38. d5 Bc8 39. Be7 Re8 40. d6
1-0

[Event "Frankfurt Ch 2005"]
[Site "Ffm-Kalbach, LAZ"]
[Date "2005.05.23"]
[Round "4"]
[White "Enderlin, Rolf"]
[Black "Didicher, Dietmar"]
[Result "1-0"]
[WhiteElo "1636"]
[BlackElo "1650"]
[PlyCount "101"]
[EventDate "2005.??.??"]

1. d4 Nf6 2. c4 e6 3. Bg5 h6 4. Bh4 b6 5. Nc3 Bb4 6. Rc1 Bb7 7. f3 d5 8. a3
Bxc3+ 9. Rxc3 O-O 10. e3 Re8 11. Bd3 Nbd7 12. c5 bxc5 13. dxc5 Bc6 14. b4 Ne5
15. Be2 Rb8 16. Nh3 Ng6 17. Bg3 e5 18. O-O d4 19. exd4 Nd5 20. Rd3 Bb5 21. Rd2
Ne3 22. Qa1 Bxe2 23. Rxe2 Nxf1 24. Kxf1 Qxd4 25. Qxd4 exd4 26. Bxc7 Rbc8 27.
Bd6 Rxe2 28. Kxe2 Re8+ 29. Kd3 Re3+ 30. Kxd4 Rxa3 31. c6 Ra1 32. c7 Rc1 33. Bc5
Ne7 34. Bxe7 Rxc7 35. Bc5 Rd7+ 36. Kc3 a6 37. Nf2 f5 38. Nd3 Rd8 39. Ne5 Rd1
40. Nc6 Kf7 41. Nb8 Ke8 42. Nxa6 Kd7 43. b5 g6 44. Kb4 Kc8 45. Be3 Rb1+ 46. Ka5
Ra1+ 47. Kb6 g5 48. Kc6 Ra2 49. Bd4 Rc2+ 50. Nc5 Re2 51. b6 1-0